01232nam a22002177a 450000500170000000800410001704000250005804100080008304400070009111000820009824501760018025500120035626000980036830000360046650003990050265000180090165000150091965000160093471000180095071000460096820200104041742.0160503b2005 C ||||| |b|| 00| 0 spa d aCO-BoIAVHcCO-BoIAVH aspa ack2 aInstituto de Investigación de Recursos Biológicos Alexander von Humboldt.1 aMapa de susceptibilidad a amenazas por deslizamientos de la cuenca Cane - Iguaque;cUnidad de sistemas de información geográfica UNISIG- IAvH h[Material Cartografico] a1:00000 aBogotábInstituto de Investigación de Recursos Biológicos Alexander von Humboldt.c2005 a16 mapas ;b color c44 x 30 cm aConvenio interadministrativo de cooperación técnica entre la comisión conjunta para la ordenación y manejo ambiental de la cuenca del Río Cane - Iguaque corporación autónoma regional de Boyaca, corpoboyaca- territorial norandina de la unidad administrativa especial de parques nacionales naturales y el Instituto de investigación de recursos biológicos Alexander Von Humboldt 16aHidrografía16aCarreteras16aGeografía2 aCorpoboyacá2 aParques nacionales naturales de Colombia